Analýza účtovných výkazov

Analýza účtovných výkazov ako najdôležitejšia časť celkovej finančnej analýzy podniku. Metodika (postup) analýzy je aplikovaná na podmienky Slovenských elektrární, a.s. Rozpracovaný postup poslúži ako vzor pre ostatné podniky. Informačné zdroje finančnej analýzy. Postup finančnej analýzy. Analýza úč...

Ausführliche Beschreibung

Gespeichert in:
Bibliographische Detailangaben
1. Verfasser: Takács, Zoltán
Weitere Verfasser: Gašparíková, Jana
Format: Buchkapitel
Sprache:Slowakisch
Schlagworte:
Tags: Tag hinzufügen
Keine Tags, Fügen Sie das erste Tag hinzu!

MARC

LEADER 00000naa a2200000 4500
001 r047438
005 20230711121158.6
041 0 |a slo 
044 |a SK 
245 1 0 |a Analýza účtovných výkazov  |c Zoltán Takács, Jana Gašparíková 
520 |a Analýza účtovných výkazov ako najdôležitejšia časť celkovej finančnej analýzy podniku. Metodika (postup) analýzy je aplikovaná na podmienky Slovenských elektrární, a.s. Rozpracovaný postup poslúži ako vzor pre ostatné podniky. Informačné zdroje finančnej analýzy. Postup finančnej analýzy. Analýza účtovných výkazov Slovenských elektrární., a.s. Analýza pomocou pomerových ukazovateľov. Analýza rentability. 
610 2 0 |a analýza finančná 
610 2 0 |a výkazy účtovné 
610 2 0 |a súvaha 
610 2 0 |a výsledovka 
610 2 0 |a cash flow 
610 2 0 |a ukazovatele finančné 
610 2 0 |a metodika 
610 2 0 |a Slovenské elektrárne, a.s. Bratislava 
100 1 |a Takács, Zoltán 
700 1 |a Gašparíková, Jana